National Assembly Library of Thailand

วารสารการค้าระหว่างประเทศ (ระเบียนเลขที่ 94041)

รายละเอียดในรูปแบบ MARC
000 -LEADER
fixed length control field 00724nas a2200181 4500
003 - CONTROL NUMBER IDENTIFIER
control field NALT
005 - DATE AND TIME OF LATEST TRANSACTION
control field 20211025143329.0
008 - FIXED-LENGTH DATA ELEMENTS--GENERAL INFORMATION
fixed length control field 171206b th ||||| |||| 00| 0 tha d
040 ## - CATALOGING SOURCE
Original cataloging agency NALT
245 ## - TITLE STATEMENT
Title วารสารการค้าระหว่างประเทศ
310 ## - CURRENT PUBLICATION FREQUENCY
Current publication frequency รายเดือน
500 ## - GENERAL NOTE
General note หยุดผลิตฉบับพิมพ์หลังเดือนเมษายน 2562 เป็นต้นไป
850 ## - HOLDING INSTITUTION
Holding institution NALT
866 ## - TEXTUAL HOLDINGS--BASIC BIBLIOGRAPHIC UNIT
Textual string ปีที่ 5 ฉบับที่ 19-20 (2561), ปีที่ 6 ฉบับที่ 22-25 (ก.พ.-เม.ย. 2562)
942 ## - ADDED ENTRY ELEMENTS (KOHA)
Koha item type Journal/Magazine
Serial record 1
Source of classification or shelving scheme Library of Congress Classification
998 ## - STAFF NAME (NALT)
-- 755
-- จินตนา เอี่ยมคง
รายการที่มีในห้องสมุด
Withdrawn status Lost status Source of classification or shelving scheme Damaged status Not for loan Home library Current library Shelving location Date acquired Total Checkouts Date last seen Price effective from Koha item type
    Library of Congress Classification     National Assembly Library of Thailand National Assembly Library of Thailand Journal & Magazine shelves 08/04/2020   08/04/2020 08/04/2020 Journal/Magazine
หอสมุดรัฐสภา
สำนักงานเลขาธิการสภาผู้แทนราษฎร เลขที่ 1111 ถนนสามเสน แขวงถนนนครไชยศรี เขตดุสิต กรุงเทพฯ 10300
The Secretariat of the House of Representatives 1111 Samsen Road, Thanon Nakhon Chai Si, Dusit, Bangkok 10300, THAILAND
โทรศัพท์: +66(0) 2242 5900 ต่อ 5714-5 โทรสาร: +66(0) 2242 5990 อีเมล: [email protected]